000 00610nam a22001817a 4500
005 20251108165438.0
008 250721s2000 xx 000 0 ara d
082 1 4 _a370.1/دان
100 1 _aدافيدوف، لندا
245 1 0 _aالتعليم و عملياته الأساسية :
_bالتفكير - اللغة - التواقف /
264 1 _aالقاهرة :
_bدار الدولية للإستثمارات،
_c2000.
300 _a216ص
650 1 7 _aفلسفة التعليم
700 1 _aأنطوان، سيد
700 1 _aعمر، محمود
_eترجمة
942 _2ddc
_cBK
999 _c28090
_d28090